| 000 | 00523nam a2200193 4500 | ||
|---|---|---|---|
| 020 | _a0848705076 : | ||
| 040 | _cDLC | ||
| 082 | 0 | _a645 OXM 1980 A106 Or. | |
| 100 | 1 | 0 | _aEames, Alexandra |
| 245 | 0 | 0 |
_aWindows & walls : _bdesigns, patterns, projects / |
| 260 | 0 |
_aBirmingham [Ala.] : _bOxmoor House, _cc1980 |
|
| 300 |
_a154 p. : _bill. (some col.) ; _c29 cm |
||
| 500 | _aIncludes index | ||
| 650 | 0 | _aDraperies | |
| 650 | 0 | _aWindow shades | |
| 650 | 0 | _aWall coverings | |
| 650 | 0 | _aInterior decoration | |
| 942 | _cEK | ||
| 999 |
_c16601 _d16601 |
||